000 01274nam a2200397 c 4500
001 53023
003 ES-MaCES
005 20250203132934.0
008 000000s2023 sp ||| | spa d
017 _aM 13763-2023
_bDL
020 _a9788419642677
040 _aES-MaCES
_bspa
_cES-MaCES
100 1 _940894
_aSigman, Mariano
245 1 0 _aArtificial
_b: la nueva inteligencia y el contorno de lo humano
_cMariano Sigman, Santiago Bilinkis
250 _a1ª ed.
260 _aMadrid
_bDebate
_c2023
300 _a227 p.
_c23 cm
490 1 _aDebate ciencia y tecnología
541 _cCompra
650 4 _ainteligencia artificial
_930166
650 4 _aconsecuencias económicas
_927082
650 4 _areforma económica
_929791
650 4 _afuturo del trabajo
_930756
650 4 _aconsecuencias sociales
_927288
650 4 _acambio social
_927286
650 4 _asistema de valores
_929392
650 4 _aevaluación del impacto
_930732
650 4 _ateoría económica
_927076
650 4 _ateoría social
_927032
650 4 _aaspecto filosófico
_930724
653 1 0 _aCiencias Sociales-Políticas
700 1 _940895
_aBilinkis, Santiago
830 0 _aDebate ciencia y tecnología
_940896
902 _aLIB Libro
942 _2CES
_cBK
_h7.0.
999 _c53023
_d53023